| 000 | 00656nam a22002297a 4500 | ||
|---|---|---|---|
| 003 | OSt | ||
| 005 | 20161006150230.0 | ||
| 008 | 160601b xxu||||| |||| 00| 0 eng d | ||
| 020 | _a1846192277 | ||
| 020 | _a063205862 | ||
| 040 | _cDNLM | ||
| 082 | _aQV771M468j 2001 | ||
| 100 |
_aEditor John, D. Firth; William, Lynn; Karen, Harman. _99191 |
||
| 245 |
_aMedical Masterclass: _bClinical Skills. |
||
| 250 | _a2nd ed. | ||
| 260 |
_aLondon; _bRoyal college of Physicians, _c 2004. |
||
| 300 |
_axi, 119p; _bcol.ill: _c30cm. |
||
| 504 | _aIndex included | ||
| 650 |
_aClinical Skills. _92563 |
||
| 650 |
_aDermatology MCQS _99192 |
||
| 942 |
_2z _cO_SHELF |
||
| 999 |
_c4264 _d4264 |
||